El recurso hídrico en México : (Record no. 149461)
[ view plain ]
| 000 -CABECERA | |
|---|---|
| campo de control de longitud fija | 00651nam a2200181 a 4500 |
| 005 - FECHA Y HORA DE LA ÚLTIMA TRANSACCIÓN | |
| campo de control | 20210223131349.0 |
| 008 - ELEMENTOS DE LONGITUD FIJA--INFORMACIÓN GENERAL | |
| campo de control de longitud fija | 100813s2003 mx r 000 0 spa d |
| 020 ## - NÚMERO INTERNACIONAL NORMALIZADO PARA LIBROS | |
| Número Internacional Estándar del Libro | 9707013001 |
| 035 ## - NÚMERO DE CONTROL DEL SISTEMA | |
| Número de control de sistema | UPN01000177358 |
| 049 ## - COLECCIÓN | |
| Colección | CG |
| 050 #4 - SIGNATURA TOPOGRÁFICA DE LA BIBLIOTECA DEL CONGRESO | |
| Número de clasificación | HD1696 M6 |
| Número de documento/Ítem | R4.2 |
| 245 03 - MENCIÓN DE TÍTULO | |
| Título | El recurso hídrico en México : |
| Resto del título | análisis de la situación actual y perspectivas futuras. |
| 260 ## - PUBLICACIÓN, DISTRIBUCIÓN, ETC. | |
| Lugar de publicación, distribución, etc. | México : |
| Nombre del editor, distribuidor, etc. | Centro del Tercer Mundo para el Manejo del Agua : |
| -- | Miguel Angel Porrúa, |
| Fecha de publicación, distribución, etc. | 2003. |
| 300 ## - DESCRIPCIÓN FÍSICA | |
| Extensión | 267 p. : |
| Otras características físicas | gráfs., mapas |
| 650 #4 - ASIENTO SECUNDARIO DE MATERIA - TERMINO TEMATICO | |
| Término de materia o nombre geográfico como elemento de entrada | DESARROLLO DE RECURSOS HIDROLOGICOS - |
| Subdivisión geográfica | MEXICO |
| 9 (RLIN) | 16067 |
| 651 #4 - ASIENTO SECUNDARIO DE MATERIA - NOMBRE GEOGRAFICO | |
| Nombre geográfico | MEXICO - |
| Subdivisión general | ABASTECIMIENTO DE AGUA |
| 9 (RLIN) | 1018 |
| 905 ## - TIPO DE MATERIAL | |
| Tipo de material | Libros |
| Estado de retiro | Estado de pérdida | Fuente del sistema de clasificación o colocación | Estado dañado | No para préstamo | Código de colección | Localización permanente | Ubicación/localización actual | Ubicación en estantería | Fecha de adquisición | Total de préstamos | Clasificación | Código de barras | Fecha visto por última vez | Fecha del último préstamo | Número de copia | Tipo de ítem Koha |
|---|---|---|---|---|---|---|---|---|---|---|---|---|---|---|---|---|
| Library of Congress Classification | Colección General | Bib. Gregorio Torres Quintero | Bib. Gregorio Torres Quintero | Planta baja | 21/09/2022 | 3 | HD1696 M6 R4.2 | 229569 | 22/09/2022 | 21/09/2022 | 1 | Libro | ||||
| Library of Congress Classification | Colección General | Bib. Gregorio Torres Quintero | Bib. Gregorio Torres Quintero | Planta baja | 3 | HD1696 M6 R4.2 | 229570 | 31/12/2020 | 1 | Libro | ||||||
| Library of Congress Classification | Colección General | Bib. Gregorio Torres Quintero | Bib. Gregorio Torres Quintero | Planta baja | 1 | HD1696 M6 R4.2 | 313657 | 31/12/2020 | 1 | Libro |
